000 00775cab a2200205 4500
001 ##L134867
008 060907n2006 000 0 eng u
035 _a(Sirsi) u134867
041 0 _aeng
245 0 0 _aProperty
_bproblems with trees and subsidence
260 _c2006
490 0 _aEMIS Property Service
_v4(8) August 2006, 3-5(3)
520 _aExamines the problem of subsidence caused by trees, and the issue of giving notice before carrying out work caused by the encroachment of tree roots. Discusses case law in relation to these questions.
590 _aIKA190906
651 4 _aEngland and Wales
_y1543-
690 _aBUILT ENVIRONMENT-BUILDING PATHOLOGY-SUBSIDENCE
700 1 _aSwerling, Leon
_eeditor
700 1 _aKilcoyne, Desmond
_eeditor
942 _n0
999 _c77683
_d77683